00818nam a22002297a 45000010005000000030006000050050017000110080041000280200018000690400029000870500016001160820011001321000028001432450054001712600046002253000056002715050007003275200188003345210021005225210018005436500027005619357FISKH20251211161902.0251211b cb ||||| |||| 00| 0 eng d a9780192749772 aFISKHbengcFISKHdFISKH aPZ7.B9962 C a823.92 aByrne, Richard eAuthor aThe case of red-bottomed robber! /cRichard Byrne aOxford :bOxford University Press ,c2018 a28 unnumbered pages :bcolor illustrations ;c25 cm aL  aThe chalks are drawing flowers on the chalkboard, but someone keeps stealing their artwork. Sergeant Blue is on the case and determined to solve the mystery. Who could the thief be?--8 a550 bLexile AD 8 aL bRaz-Plus  aSilly storiesvDrawing